00385nam a2200109Ia 4500008004100000082001500041100002600056245007500082942000600157952009700163999001500260240331s9999 xx 000 0 und d a303.6bBAL aBalasudarampillai, P. 0aTrincomalee :bGeopolitics, ethnic dimension and development potential cL 001040708LaWERCLbWERCLcSSCd2024-03-31l0o 303.6 BALp4762r2024-03-31w2024-03-31yL c1240d1240